000 004490000a22001690004500
041 0 _aENG
082 0 4 _aG 261 W7991s
100 1 _aWirt, Sherwood Eliot
245 1 0 _aThe social conscience of the evangelica / Sherwood Eliot Wirt
260 _aNew York, USA : Harper and Row
300 _a177 Pag
001 6780
942 _cBK
999 _c37043
_d37043
336 _atexto
_btxt
_2rdacontent
337 _2rdamedia
_asin mediación
_bn
338 _2rdacarrier
_avolumen
_bnc